LIBRARY & INFORMATION CENTRE, KCAET, TAVANUR

ONLINE PUBLIC ACCESS CATALOGUE (OPAC)

Agriculture and environment : The physical geography of temperate agricultural systems / (Record no. 176)

MARC details
000 -LEADER
fixed length control field 00781cam a2200193ua 4500
020 ## - INTERNATIONAL STANDARD BOOK NUMBER
ISBN 0-582-30000-2
041 ## - LANGUAGE CODE
Language code of text/sound track or separate title eng
082 ## - DEWEY DECIMAL CLASSIFICATION NUMBER
Classification number 630.912
Item number BRI/AG
100 ## - MAIN ENTRY--AUTHOR NAME
Personal name Briggs, David J.
245 ## - TITLE STATEMENT
Title Agriculture and environment : The physical geography of temperate agricultural systems /
250 ## - EDITION STATEMENT
Edition statement 1 /
260 ## - PUBLICATION, DISTRIBUTION, ETC. (IMPRINT)
Place of publication London :
Name of publisher Longman ,
Year of publication 1985.
300 ## - PHYSICAL DESCRIPTION
Number of Pages 442 ; .
700 1# - ADDED ENTRY--PERSONAL NAME
Personal name Courtney, Frank M.
942 ## - ADDED ENTRY ELEMENTS (KOHA)
Koha item type Books
Holdings
Withdrawn status Lost status Damaged status Home library Current library Date acquired Full call number Accession Number Koha item type
      KAUAET KAUAET 07/04/2012 630.912 15924 Books
free website counter